The financial issues of the new international economic order (Record no. 43372)

MARC details
000 -LEADER
fixed length control field 00576nam a2200145 a 4500
008 - FIXED-LENGTH DATA ELEMENTS--GENERAL INFORMATION
fixed length control field 120416s1980 ||||||||||||||||| || u
050 ## - LIBRARY OF CONGRESS CALL NUMBER
Classification number HG 3881 Loz
100 ## - MAIN ENTRY--PERSONAL NAME
Personal name Lozoya, Jorge
245 14 - TITLE STATEMENT
Title The financial issues of the new international economic order
Statement of responsibility, etc. edited by Jorge Lozoya
260 ## - PUBLICATION, DISTRIBUTION, ETC.
Place of publication, distribution, etc. New York
Name of publisher, distributor, etc. Pergamon Press
Date of publication, distribution, etc. [1980(1982)]
300 ## - PHYSICAL DESCRIPTION
Extent xxiii, 229p. : ill.
350 ## - PRICE (NR) (BK AM CF MU VM SE) [OBSOLETE]
Price 0.00
700 ## - ADDED ENTRY--PERSONAL NAME
Personal name Bhattacharya, A. K
995 ## - RECOMMENDATION 995 [LOCAL, UNIMARC FRANCE]
-- 0.00
-- CBU-MAIN LIBRARY (Kitwe)
-- 1
-- 9.95
-- 1
-- AVAILABLE
-- Main Library Open Access Collection
Holdings
Withdrawn status Lost status Source of classification or shelving scheme Damaged status Not for loan Home library Current library Shelving location Date acquired Total Checkouts Full call number Barcode Date last seen Price effective from Koha item type
          CBU-MAIN LIBRARY, KITWE. CBU-MAIN LIBRARY, KITWE.   11/30/2022   HG 3881 Loz 008008 11/30/2022 11/30/2022 MONOGRAPH